Catálogo

PODER JUDICIAL DEL ESTADO DE PUEBLA INFORME DE ACTIVIDADES ENERO-JUNIO 2007 (Registro nro. 50620)

Detalles MARC
000 -LEADER
fixed length control field 00772nam a2200181 a 4500
001 - CONTROL NUMBER
control field 50620
005 - DATE AND TIME OF LATEST TRANSACTION
control field 20180714035741.0
008 - FIXED-LENGTH DATA ELEMENTS--GENERAL INFORMATION
fixed length control field 140415s2007 mx 000 0 spa d
041 ## - LANGUAGE CODE
Language code of text/sound track or separate title spa
082 ## - DEWEY DECIMAL CLASSIFICATION NUMBER
Classification number 347
Item number POD
245 00 - TITLE STATEMENT
Title PODER JUDICIAL DEL ESTADO DE PUEBLA INFORME DE ACTIVIDADES ENERO-JUNIO 2007
250 ## - EDITION STATEMENT
Edition statement 1a ed.
260 ## - PUBLICATION, DISTRIBUTION, ETC.
Place of publication, distribution, etc. MEXICO :
Name of publisher, distributor, etc. TRIBUNAL SUPERIOR DE JUSTICIA DEL ESTADO DE PUEBLA,
Date of publication, distribution, etc. 2007
300 ## - PHYSICAL DESCRIPTION
Extent 584
Dimensions 23 x 1.7 x 28.5
500 ## - GENERAL NOTE
General note COLECCIÓN PUEBLA
520 ## - SUMMARY, ETC.
Summary, etc. LA TRANSPARENCIA, LA RENDICIŇN DE CUENTAS Y LA INTEGRACI0N DEL VINCULO QUE DEBE EXISTIR ENTRE LOS SERVIDORES PUBLICOS DEL PODER JUDICIAL Y LA SOCIEDAD. CONSTITUYEN LA BASE FUNDAMENTAL DE ESTOS INFORMES
650 14 - SUBJECT ADDED ENTRY--TOPICAL TERM
Topical term or geographic name entry element JUICIOS
General subdivision JURISPRUDENCIA
-- JUZGADOS
-- SENTENCIAS
Existencias
Withdrawn status Lost status Source of classification or shelving scheme Damaged status Not for loan Collection code Home library Current library Shelving location Date acquired Source of acquisition Inventory number Total Checkouts Full call number Barcode Date last seen Price effective from Koha item type
    Dewey Decimal Classification   Consulta en sala Puebla Biblioteca Karol Wojtyla Biblioteca Karol Wojtyla Área de silencio 03/12/2013 Compra 151000000000000000062198   347 POD 75571 05/01/2026 03/12/2013 Libro